000
00448nam a2200145Ia 4500
008
100122s9999 xx 000 0 und d
082
_b
26441
_a
821
100
_a
अमृतराय
245
_a
कवितासंग्रह
260
_b
तुकाराम जावजी प्रकाशन
_c
1910
300
_a
188
630
_a
कवितासंग्रह
730
_a
कवितासंग्रह
942
_c
BOOK
999
_c
412912
_d
412909